000 00345nam a2200133Ia 4500
005 20251222144653.0
008 251222s9999||||xx |||||||||||||| ||spa||
020 _a978-964-2824-17-5
082 _a298.1/M97
100 _aMurtada Mutahhari, Ayatollah
245 0 _aLos Derechos de la Mujer en el Islam
264 _bElhame Shargh
942 _cLIB
999 _c17138
_d17138